Microsoft visual foxpro 6.0 /
Guardado en:
| Autor Principal: | |
|---|---|
| Formato: | Libro |
| Publicado: |
Buenos Aires :
Pc Forum,
1999
|
| Series: | Manuales Compumagazine
|
| Materias: | |
| Etiquetas: |
Agregar Etiqueta
Sin Etiquetas, Sea el primero en etiquetar este registro!
|
| LEADER | 00672nam a22002175a 4500 | ||
|---|---|---|---|
| 001 | CEM.cems013306 | ||
| 005 | 20100319092155.0 | ||
| 008 | 130507s1999##################000#0#####d | ||
| 003 | CEMS | ||
| 020 | |a 987974411X | ||
| 082 | 0 | 4 | |a 001.6425 |
| 100 | 1 | |a Turek, Adrián B. | |
| 245 | 1 | 0 | |a Microsoft visual foxpro 6.0 / |c Adrián B. Turek |
| 260 | |a Buenos Aires : |b Pc Forum, |c 1999 | ||
| 300 | |a 344 p. | ||
| 490 | 0 | |a Manuales Compumagazine | |
| 505 | 0 | |a Qué es Visual FoxPro -- Manejo de datos -- Construcción de aplicaciones | |
| 653 | |a Informática | ||
| 653 | |a Computación | ||
| 653 | |a Visual foxpro 6.0 | ||
| 859 | |a CEMS |b BIB. CEMS - 11 de abril |h 001.6425 |i T843 |p 25798.10 |t Ej.1 | ||
